00215 a2200109 4500001000700000040001100007100002500018240002500043245002000068300000800088362000900096194928 cMagnum aNunes, Lygia Bojunga10aA bolsa amarelalpor10aA bolsa amarela a1070 a1993